Od rozprávky k rozprávke (Record no. 21427)
[ view plain ]
| 000 -LEADER | |
|---|---|
| fixed length control field | 01549cam a2200481 a 4500 |
| 001 - CONTROL NUMBER | |
| control field | 21427 |
| 003 - CONTROL NUMBER IDENTIFIER | |
| control field | VRT |
| 005 - DATE AND TIME OF LATEST TRANSACTION | |
| control field | 20260302102626.0 |
| 008 - FIXED-LENGTH DATA ELEMENTS--GENERAL INFORMATION | |
| fixed length control field | 240318s2016 xr a b 000 1 slo |
| 015 ## - NATIONAL BIBLIOGRAPHY NUMBER | |
| National bibliography number | SNBZSA2016/10 |
| 020 ## - INTERNATIONAL STANDARD BOOK NUMBER | |
| International Standard Book Number | 9788074514975 |
| Qualifying information | (viazané) |
| 035 ## - SYSTEM CONTROL NUMBER | |
| System control number | 2429CA87-6464-4A92-8BD7-06C034C88D35 |
| 035 ## - SYSTEM CONTROL NUMBER | |
| System control number | urn:nbn:sk:snk-amtgxa |
| 035 ## - SYSTEM CONTROL NUMBER | |
| System control number | urn:nbn:sk:snk-am00c31k |
| 039 #9 - LEVEL OF BIBLIOGRAPHIC CONTROL AND CODING DETAIL [OBSOLETE] | |
| Level of rules in bibliographic description | 202403182200 |
| Level of effort used to assign nonsubject heading access points | VLOAD |
| Level of effort used to assign subject headings | 201907052212 |
| Level of effort used to assign classification | AUTHORITY |
| Level of effort used to assign subject headings | 201712151327 |
| Level of effort used to assign classification | VLOAD |
| Level of effort used to assign subject headings | 201612121333 |
| Level of effort used to assign classification | mtotk19 |
| 040 ## - CATALOGING SOURCE | |
| Original cataloging agency | POKPOH |
| Language of cataloging | slo |
| Transcribing agency | POKPOH |
| Modifying agency | SNK |
| Description conventions | AACR2 |
| 041 1# - LANGUAGE CODE | |
| Language code of text/sound track or separate title | slo |
| Language code of original | cze |
| 044 ## - COUNTRY OF PUBLISHING/PRODUCING ENTITY CODE | |
| MARC country code | xr |
| ISO country code | CZ |
| 072 #7 - SUBJECT CATEGORY CODE | |
| Subject category code | 821.162.3 |
| Subject category code subdivision | Česká literatúra |
| Source | konspekt |
| 072 #7 - SUBJECT CATEGORY CODE | |
| Subject category code | 821-93 |
| Subject category code subdivision | Literatúra pre deti a mládež (beletria) |
| Source | konspekt |
| 080 ## - UNIVERSAL DECIMAL CLASSIFICATION NUMBER | |
| Universal Decimal Classification number | 821.162.3-34 |
| Edition identifier | 2011 |
| 080 ## - UNIVERSAL DECIMAL CLASSIFICATION NUMBER | |
| Universal Decimal Classification number | 82-93-053.2 |
| Edition identifier | 2011 |
| 100 1# - MAIN ENTRY--PERSONAL NAME | |
| Personal name | Kaftanová, Irena, |
| Dates associated with a name | 1951- |
| Relationship | aut |
| 245 10 - TITLE STATEMENT | |
| Title | Od rozprávky k rozprávke |
| Statement of responsibility, etc. | Irena Kaftanová ; ilustrácie Josef Quis |
| 260 ## - PUBLICATION, DISTRIBUTION, ETC. | |
| Place of publication, distribution, etc. | Praha |
| Name of publisher, distributor, etc. | Ottovo nakladatelství |
| Date of publication, distribution, etc. | 2016 |
| 300 ## - PHYSICAL DESCRIPTION | |
| Extent | 128 s. |
| Other physical details | ilustr. |
| Dimensions | 31 cm |
| 655 #7 - INDEX TERM--GENRE/FORM | |
| Genre/form data or focus term | české rozprávky |
| Source of term | SNKPH |
| 655 #7 - INDEX TERM--GENRE/FORM | |
| Genre/form data or focus term | publikácie pre deti |
| Source of term | SNKPH |
| 655 #7 - INDEX TERM--GENRE/FORM | |
| Genre/form data or focus term | Czech fairy tales |
| Source of term | SNKPHeng |
| 655 #7 - INDEX TERM--GENRE/FORM | |
| Genre/form data or focus term | Children's literature |
| Source of term | SNKPHeng |
| 700 1# - ADDED ENTRY--PERSONAL NAME | |
| Personal name | Quis, Josef, |
| Dates associated with a name | 1964- |
| Relationship | ill |
| 910 ## - USER-OPTION DATA (OCLC) | |
| User-option data | pokpoh |
| 910 ## - USER-OPTION DATA (OCLC) | |
| User-option data | pppk |
| 910 ## - USER-OPTION DATA (OCLC) | |
| User-option data | sllk |
| 910 ## - USER-OPTION DATA (OCLC) | |
| User-option data | hevk |
| 910 ## - USER-OPTION DATA (OCLC) | |
| User-option data | skpk |
| 910 ## - USER-OPTION DATA (OCLC) | |
| User-option data | bjkdg |
| 910 ## - USER-OPTION DATA (OCLC) | |
| User-option data | vthk |
| 910 ## - USER-OPTION DATA (OCLC) | |
| User-option data | snk |
| 910 ## - USER-OPTION DATA (OCLC) | |
| User-option data | totk |
| 942 ## - ADDED ENTRY ELEMENTS (KOHA) | |
| Source of classification or shelving scheme | Dewey Decimal Classification |
| Koha item type | Krásna literatúra pre deti |
| Suppress in OPAC | No |
| 949 ## - LOCAL PROCESSING INFORMATION (OCLC) | |
| 6 | 17A1208043 |
| a | snkSB 90616 |
| b | snk2016/21748 |
| o | Pemic78-ah/53Int. č. fa – 64/2016 |
| s | 6100:20161212 |
| Stav vyradenia | Strata | Poškodenie | Spôsob nadobudnutia | Domovská knižnica | Aktuálna knižnica | Dátum nadobudnutia | Total checkouts | Čiarový kód exemplára | Date last seen | Typ exemplára |
|---|---|---|---|---|---|---|---|---|---|---|
| Dar | Obecná knižnica Turčianska Štiavnička | Obecná knižnica Turčianska Štiavnička | 02.03.2026 | 4738000113 | 02.03.2026 | Krásna literatúra pre deti |
